Los documentos de arquitectura y cartografía : (Registro nro. 83)
[ vista simple ]
| 000 -LEADER | |
|---|---|
| fixed length control field | 02065nam a2200289Ia 4500 |
| 003 - CONTROL NUMBER IDENTIFIER | |
| control field | PE SENCICO BE |
| 005 - DATE AND TIME OF LATEST TRANSACTION | |
| control field | 20251020182425.0 |
| 008 - FIXED-LENGTH DATA ELEMENTS--GENERAL INFORMATION | |
| fixed length control field | 200515s9999 xx 000 0 und d |
| 020 ## - INTERNATIONAL STANDARD BOOK NUMBER | |
| International Standard Book Number | 978-84-9704-335-9 |
| 040 ## - CATALOGING SOURCE | |
| Original cataloging agency | PE SENCICO BE |
| Transcribing agency | PE SENCICO BE |
| 041 ## - LANGUAGE CODE | |
| Language code of text/sound track or separate title | spa |
| 082 ## - DEWEY DECIMAL CLASSIFICATION NUMBER | |
| Classification number | 025 |
| Item number | C27 |
| 100 1# - MAIN ENTRY--PERSONAL NAME | |
| Personal name | Carrascal Simon, Andreu |
| 9 (RLIN) | 2183 |
| Relator term | autor |
| 245 10 - TITLE STATEMENT | |
| Title | Los documentos de arquitectura y cartografía : |
| Remainder of title | que son y cómo se tratan / |
| Statement of responsibility, etc. | Andreu Carrascal Simon, Rosa María Gil Tort |
| 260 ## - PUBLICATION, DISTRIBUTION, ETC. | |
| Place of publication, distribution, etc. | Madrid : |
| Name of publisher, distributor, etc. | Trea ; |
| Date of publication, distribution, etc. | 2007 |
| 300 ## - PHYSICAL DESCRIPTION | |
| Extent | 146 p. : |
| Other physical details | il. ; |
| Dimensions | 21 cm. |
| 490 ## - SERIES STATEMENT | |
| Series statement | Archivos siglo XXI ; |
| Volume/sequential designation | 4 |
| 505 0# - FORMATTED CONTENTS NOTE | |
| Formatted contents note | Documentos de arquitectura y documentos cartográficos -- Diseñar, edificios, los profesionales y sus planos -- El urbanismo. Los arquitectos al servicio de la ciudad -- El urbanismo en los planos -- Los planos de las ciudades: una tipología entre el mapa y el plano -- Los proyectos de arquitectura -- El proyecto de arquitectura y su estructura -- Los proyectos de arquitectura y la informática -- Evolución histórica de los documentos cartográficos -- Tipos de documentos cartográficos -- Elementos para la interpretación de mapas y planos -- Mapas y planos. Soportes y técnicas -- Estado actual de la ciencia cartográfica -- Los productores de documentos de arquitectura y cartográficos -- El futuro de los documentos arquitectónicos y cartográficos -- Sistemas de instalación y conservación -- Valoración económico. Criterios y parámetros -- Legislación, acceso y derechos de autor -- Funciones y explotación de la información -- Organizaciones y centros especializados |
| 520 3# - SUMMARY, ETC. | |
| Summary, etc. | Tiene como objetivo introducir al lector en el fascinante mundo de la cartografía y la planimetría desde una perspectiva documental, divulgadora, amena y rigurosa al mismo tiempo. |
| 650 10 - SUBJECT ADDED ENTRY--TOPICAL TERM | |
| Topical term or geographic name entry element | Documentos |
| 9 (RLIN) | 1516 |
| 650 20 - SUBJECT ADDED ENTRY--TOPICAL TERM | |
| Topical term or geographic name entry element | Cartografía |
| 9 (RLIN) | 1 |
| 650 20 - SUBJECT ADDED ENTRY--TOPICAL TERM | |
| Topical term or geographic name entry element | Centros de documentación |
| 9 (RLIN) | 2179 |
| 650 20 - SUBJECT ADDED ENTRY--TOPICAL TERM | |
| Topical term or geographic name entry element | Documentación |
| 9 (RLIN) | 2184 |
| 650 20 - SUBJECT ADDED ENTRY--TOPICAL TERM | |
| Topical term or geographic name entry element | Historia |
| 9 (RLIN) | 707 |
| 700 1# - ADDED ENTRY--PERSONAL NAME | |
| 9 (RLIN) | 2185 |
| Personal name | Gil Tort, Rosa Maria |
| Relator term | autor |
| 942 ## - ADDED ENTRY ELEMENTS (KOHA) | |
| Koha item type | Libros |
| Source of classification or shelving scheme | Dewey Decimal Classification |
| Fecha de la última vez que lo usaron | Número de ingreso o de inventario | Pago total | Signatura topográfica completa | Código de barras | Precio efectivo desde | Tipo de documento | Estado perdido | Sistema de clasificación | Estado dañado | No es para préstamo | Retirado | Ubicación permanente | Ubicación actual | Fecha de adquisición |
|---|---|---|---|---|---|---|---|---|---|---|---|---|---|---|
| 15/05/2020 | 15586 | 025/C27 | BibLima24050012 | 15/05/2020 | Libros | Dewey Decimal Classification | Biblioteca Central Lima | Biblioteca Central Lima | 15/05/2020 |